000 00937nam a2200277Ia 4500
003 OSt
005 20220923215056.0
006 a|||||r|||| 00| 0
007 ta
008 220922b |||||||| |||| 00| 0 hin d
024 _a175,361
037 _cTextual
040 _aARTS
_cARTS
_bhin
041 _2hin
_ahin
082 _aO152:gM1, H6
100 _aमेनारिया, मोतीलाल
245 0 _aडिंगल में विवर्ष
246 _aḌiangal mean vivarṣha
250 _aसंस्क0 2
260 _aप्रयाग
_b हिंदी साहित्य सम्मेलन
_c1951
300 _a114पृ.
_ccm.
490 _aसुलभ साहित्य माला
650 _aहिन्दी साहित्य
_9156264
942 _hO152:gM1, H6
_cTEXL
_2CC
999 _c329065
_d329065